000 01229nam a2200337 a 4500
001 000112512
003 CHAP
005 20220329144310.0
008 160607s2016 mx a fsm |||||||spa d
010 _a108973
011 _a109945
040 _cCHAP
090 _aTesis
100 1 _aValenzuela Corrales, Pastor
_9130842
245 1 0 _aPropuesta metodológica para evaluación de lluvias extremas :
_h[En línea]
_bestudio de caso /
_cpor Pastor Valenzuela Corrales.
260 _aChapingo, Méx. :
_bEl autor,
_c2016.
500 _aPara ver el contenido del material haga clic en la liga
502 _aTesis (Ing. Agr. Esp. en Suelos) -- UACH. Departamento de Suelos
590 _aE6096MTM
_b05
_c20160607
_lUCH01
_h1307
590 _aE6096MTM
_b05
_c20160607
_lUCH01
_h1309
590 _aE6096MTM
_b05
_c20160607
_lUCH01
_h1358
590 _aE6096MTM
_b05
_c20160607
_lUCH01
_h1359
650 1 4 _aLluvia
_xMedición.
_967325
650 1 4 _aLluvia
_xMétodos estadísticos.
_967327
650 1 4 _aLluvia
_zTabasco.
_967345
650 1 4 _aProcesamiento automático de datos en meteorología.
_991803
856 _aFinding aid
_uhttp://10.13.5.2/tesis/sist112512.pdf
_zTeclea aquí
901 _aBK
942 _cTESIS
942 _n0
999 _c108973
_d108973